000 00462nam a2200181 a 4500
001 1646
005 20180713181700.0
008 140415s1988 000 0 spa d
041 _aspa
082 _a657.45
_bKEL
100 1 _aKELL, WALTER G.
245 1 0 _aAUDITORIA MODERNA
260 _a[s.l.] :
_bCECSA,
_c1988
300 _a713
650 1 4 _aAUDITORIA
700 1 _aGARCIA MENDOZA, ALBERTO
_etr.
700 1 _aZIEGLER, RICHARD E.
_ecoaut.
999 _c1646
_d1646